| 000 | 01182cam a22003135a 4500 | ||
|---|---|---|---|
| 001 | 15224700 | ||
| 003 | EG-ScBUE | ||
| 005 | 20220511122322.0 | ||
| 008 | 080319s2009 nyua f b 001 0 eng d | ||
| 020 | _a9780415989701 (pbk. : alk. paper) | ||
| 040 |
_aDLC _beng _erda _cDLC _dBTCTA _dBAKER _dYDXCP _dOCLCG _dC#P _dCDX _dBWX _dDLC _dEG-ScBUE |
||
| 082 | 0 | 4 |
_a428.0071 _222 _bNAT |
| 100 | 1 |
_aNation, I. S. P., _eauthor. _99090 |
|
| 245 | 1 | 0 |
_aTeaching ESL/EFL : _blistening and speaking / _cI. S. P. Nation and J. Newton. |
| 264 | 1 |
_aNew York ; _aLondon : _bRoutledge, _c2009. |
|
| 300 |
_axiii, 205 pages : _billustrations ; _c23 cm. |
||
| 336 |
_2rdacontent _atext _btxt |
||
| 337 |
_2rdamedia _aunmediated _bn |
||
| 338 |
_2rdacarrier _avolume _bnc |
||
| 490 | 0 | _aESL & applied linguistics professional series | |
| 504 | _aIncludes bibliographical references and index. | ||
| 650 | 7 |
_aEnglish language _xSpoken English _xStudy and teaching. _2BUEsh _926146 |
|
| 650 | 7 |
_aListening _xStudy and teaching. _2BUEsh _97737 |
|
| 651 | _2BUEsh | ||
| 653 |
_cAugust2015 _cDecember2015 _bHHUUEENN |
||
| 655 |
_vReading book _934232 |
||
| 700 | 1 |
_aNewton, J. _q(Jonathan) _eauthor. |
|
| 942 |
_2ddc _cBB |
||
| 999 |
_c20517 _d20489 |
||